| 000 | 00000nam 2200000za 4500 |
| 001 | 9.602987 |
| 003 | CaOODSP |
| 005 | 20210913134332 |
| 007 | cr ||||||||||| |
| 008 | 150406s2007||||xxc|||||o f|0| 0 fre d |
| 040 | |aCaOODSP|bfre |
| 043 | |an-cn--- |
| 086 | 1 |aFs70-4/2006-013F-PDF |
| 100 | 1 |aRice, J. C. |q(Jake C.) |
| 245 | 10|aCompte rendu de la réunion de l'examen national par les pairs sur les impacts des engins de chalutage et des dragues à pétoncles sur les habitats, les populations et les communautés benthiques |h[ressource électronique] : |bdu 22 au 24 mars 2006, Hôtel Reine Élizabeth, Montréal (Québec) / |cJake Rice, président ; Jean G. Landry, éditeur. |
| 260 | |aMoncton - Nouveau-Brunswick : |bPêches et Océans Canada |cJanvier 2007. |
| 300 | |a107 p. : |bcartes en couleur, références, tableaux |
| 490 | 1 |aSecrétariat canadien de consultation scientifique, série des comptes rendus|v2006/013 |
| 546 | |aEn français avec sommaire bilingue et cartes en anglais. |
| 590 | |a11-31-Supp|b2011-12-13 |
| 710 | 1 |aCanada. |bMinistère des pêches et des océans. |
| 720 | 1 |aRice, Jake |
| 720 | 1 |aLandry, Jean G. |
| 775 | 08|tProceeding of the national peer review meeting on impacts of trawl gears and scallop dredges on benthic habitats, populations and communities : |w(CaOODSP)9.572645 |
| 830 | #0|aSecrétariat canadien de consultation scientifique série des comptes rendus ;|v2006/013. |w(CaOODSP)9.903220 |
| 856 | 40|ahttp://publications.gc.ca|qPDF|s1.32 Mo|uhttps://publications.gc.ca/collections/collection_2011/mpo-dfo/Fs70-4-2006-013-fra.pdf|y2006/013 |